00629nam a22001937a 4500008004100000040001800041041000800059100002300067245007700090250001200167260005200179300001800231500004800249600003500297600004900332650001700381650002700398650001000425130821s1928 fr gr dfre  aCo-BoUCMbspa00afre aGorce, Agnes de La00aRobert Hugh BensonbPrtre et romancier, 1871 - 1914cAgnès de la Gorce a7a. ed. aParís (Francia)bLibrairie Plon Nourritc1928 a301 páginas aNotas al pie del texto. -- Incluye índice aBenson, Robert Hughd1871-1914 aBenson, Robert Hughd1871-1914vBiografías04aBiografías04aClero en la literatura04aClero